MARC details
| 000 -LEADER |
| fixed length control field |
01896cam a22004934a 4500 |
| 001 - CONTROL NUMBER |
| control field |
muse84107 |
| 003 - CONTROL NUMBER IDENTIFIER |
| control field |
MdBmJHUP |
| 005 - DATE AND TIME OF LATEST TRANSACTION |
| control field |
20210127151708.0 |
| 006 - FIXED-LENGTH DATA ELEMENTS--ADDITIONAL MATERIAL CHARACTERISTICS |
| fixed length control field |
m o d |
| 007 - PHYSICAL DESCRIPTION FIXED FIELD--GENERAL INFORMATION |
| fixed length control field |
cr||||||||nn|n |
| 008 - FIXED-LENGTH DATA ELEMENTS--GENERAL INFORMATION |
| fixed length control field |
200504r20201994gau o 00 0 eng d |
| 020 ## - INTERNATIONAL STANDARD BOOK NUMBER |
| International Standard Book Number |
9781951498498 |
| 020 ## - INTERNATIONAL STANDARD BOOK NUMBER |
| Canceled/invalid ISBN |
9781951498504 |
| 035 ## - SYSTEM CONTROL NUMBER |
| System control number |
(OCoLC)1153284427 |
| 040 ## - CATALOGING SOURCE |
| Original cataloging agency |
MdBmJHUP |
| Transcribing agency |
MdBmJHUP |
| 050 #4 - LIBRARY OF CONGRESS CALL NUMBER |
| Classification number |
BS1375.3 |
| Item number |
.S44 1994eb vol. 3 |
| 082 0# - DEWEY DECIMAL CLASSIFICATION NUMBER |
| Classification number |
296.1/25 |
| Edition number |
20 |
| 100 1# - MAIN ENTRY--PERSONAL NAME |
| Personal name |
Segal, Eliezer, |
| Relator term |
author. |
| 245 14 - TITLE STATEMENT |
| Title |
Vol. 3 The Babylonian Esther Midrash: A Critical Commentary |
| Number of part/section of a work |
Volume 3, |
| Name of part/section of a work |
Esther chapter 5 to end / |
| Statement of responsibility, etc. |
by Eliezer Segal. |
| Name of part/section of a work |
Esther chapter 5 to end / |
| Number of part/section of a work |
Volume 3, |
| 300 ## - PHYSICAL DESCRIPTION |
| Extent |
1 online resource (1 online resource unpaged.) |
| 490 0# - SERIES STATEMENT |
| Series statement |
Brown Judaic studies ; |
| Volume/sequential designation |
number 293 |
| 500 ## - GENERAL NOTE |
| General note |
Issued as part of book collections on Project MUSE. |
| 504 ## - BIBLIOGRAPHY, ETC. NOTE |
| Bibliography, etc. note |
Includes bibliographical references and index. |
| 506 0# - RESTRICTIONS ON ACCESS NOTE |
| Terms governing access |
Open Access |
| Standardized terminology for access restriction |
Unrestricted online access |
| Source of term |
star |
| 588 ## - SOURCE OF DESCRIPTION NOTE |
| Source of description note |
Description based on print version record. |
| 630 00 - SUBJECT ADDED ENTRY--UNIFORM TITLE |
| Uniform title |
Bible. |
| Name of part/section of a work |
Esther |
| Form subdivision |
Commentaries. |
| 630 00 - SUBJECT ADDED ENTRY--UNIFORM TITLE |
| Uniform title |
Talmud. |
| Name of part/section of a work |
Megillah I, 10b-17a |
| General subdivision |
Criticism, Redaction. |
| 630 00 - SUBJECT ADDED ENTRY--UNIFORM TITLE |
| Uniform title |
Midrash |
| General subdivision |
History and criticism. |
| 655 #0 - INDEX TERM--GENRE/FORM |
| Genre/form data or focus term |
Electronic books. |
| Source of term |
local |
| 655 #0 - INDEX TERM--GENRE/FORM |
| Genre/form data or focus term |
Electronic books. |
| 655 #7 - INDEX TERM--GENRE/FORM |
| Genre/form data or focus term |
Electronic books. |
| Source of term |
local |
| 710 2# - ADDED ENTRY--CORPORATE NAME |
| Corporate name or jurisdiction name as entry element |
Project Muse. |
| Relator term |
distributor |
| 710 2# - ADDED ENTRY--CORPORATE NAME |
| Corporate name or jurisdiction name as entry element |
Project Muse, |
| Relator term |
distributor. |
| 730 02 - ADDED ENTRY--UNIFORM TITLE |
| Uniform title |
Talmud. |
| Name of part/section of a work |
Megillah I, 10b-17a. |
| Language of a work |
English. |
| 776 18 - ADDITIONAL PHYSICAL FORM ENTRY |
| Relationship information |
Print version: |
| Record control number |
(DLC) 94025966 |
| International Standard Book Number |
9781951498504 |
| 710 2# - ADDED ENTRY--CORPORATE NAME |
| Corporate name or jurisdiction name as entry element |
Project Muse. |
| Relator term |
distributor |
| 830 #0 - SERIES ADDED ENTRY--UNIFORM TITLE |
| Uniform title |
Book collections on Project MUSE. |
| 830 #0 - SERIES ADDED ENTRY--UNIFORM TITLE |
| Uniform title |
Brown Judaic studies ; |
| Volume/sequential designation |
no. 293. |
| 830 #0 - SERIES ADDED ENTRY--UNIFORM TITLE |
| Uniform title |
Book collections on Project MUSE. |
| 856 40 - ELECTRONIC LOCATION AND ACCESS |
| Public note |
Full text available: |
| Uniform Resource Identifier |
<a href="https://muse.jhu.edu/book/74908/">https://muse.jhu.edu/book/74908/</a> |